000 00486nam a2200157 i 4500
001 62780
003 ES-MaACL
005 20230906164728.0
007 t|
008 031125s1921 sp ||||1| fre d
100 1 _aFernández y Medina, Benjamín.
_950186
245 1 2 _aL'Uruguay et sa nouvelle constitution /
_cBenjamín Fernández y Medina ; [traduction de J. Sarrailh].
260 _aMadrid :
_bP. Orier,
_c[1921]
700 1 _aSarrailh, Jean.
_9103846
852 _aES-MaACL
_j1603-F-2
999 _c62780
_d62780